[Event "Vignola op 11th"]
[Site "Vignola"]
[Date "2012.11.18"]
[Round "4"]
[White "Degli Esposti, Eugenio"]
[Black "Molinari, Enzo"]
[Result "1-0"]
[WhiteElo "1668"]
[BlackElo "1871"]
[PlyCount "93"]
[EventDate "2012.11.16"]
[EventType "swiss"]
[EventRounds "5"]
[EventCountry "ITA"]
[SourceTitle "EXT 2014"]
[Source "ChessBase"]
[SourceDate "2013.11.20"]
[SourceVersion "1"]
[SourceVersionDate "2013.11.20"]
[SourceQuality "1"]

1. d4 Nf6 2. Nf3 d5 3. e3 e6 4. Bd3 c5 5. b3 Nc6 6. Bb2 cxd4 7. exd4 Bd6 8. Nbd2 Qc7 9. 0-0 0-0 10. Re1 Bd7 11. a3 h6 12. Ne5 Rac8 13. Ndf3 a6 14. Qd2 b5 15. Nxc6 Bxc6 16. Ne5 Bb7 17. Re3 Ne4 18. Bxe4 dxe4 19. Rc3 Qd8 20. Rd1 f5 21. Rg3 Rf6 22. Qc1 Qe8 23. c4 Bxe5 24. dxe5 Rg6 25. c5 Rxg3 26. hxg3 Bd5 27. b4 Qc6 28. Qf4 g5 29. Qe3 Kf7 30. Qe2 Kg6 31. g4 f4 32. g3 e3 33. Qd3+ Kg7 34. gxf4 e2 35. Re1 gxf4 36. Qxe2 Rf8 37. Bc1 Bf3 38. Qd3 Bh1 39. Qh3 Be4 40. Qh2 Bg6 41. Bxf4 Rh8 42. Qh4 h5 43. Qf6+ Kh7 44. Qe7+ Kg8 45. Rd1 Bf7 46. Rd8+ Kg7 47. Qf6+ 1-0

[Event "Vignola op 11th"]
[Site "Vignola"]
[Date "2012.11.17"]
[Round "3"]
[White "Molinari, Enzo"]
[Black "Castellari, Claudio"]
[Result "0-1"]
[WhiteElo "1871"]
[BlackElo "1539"]
[PlyCount "108"]
[EventDate "2012.11.16"]
[EventType "swiss"]
[EventRounds "5"]
[EventCountry "ITA"]
[SourceTitle "EXT 2014"]
[Source "ChessBase"]
[SourceDate "2013.11.20"]
[SourceVersion "1"]
[SourceVersionDate "2013.11.20"]
[SourceQuality "1"]

1. d4 d5 2. c4 c6 3. Nc3 Nf6 4. Nf3 e6 5. Bg5 Nbd7 6. e3 Be7 7. Qc2 0-0 8. Bd3 dxc4 9. Bxc4 b5 10. Bd3 h6 11. Bh4 Bb7 12. Ne4 Nxe4 13. Bxe7 Qxe7 14. Bxe4 Rac8 15. 0-0 Nf6 16. Bd3 a6 17. Rac1 Rc7 18. Rfd1 Rfc8 19. Qc5 Rd8 20. Qxe7 Rxe7 21. Ne5 Rc7 22. Be2 Nd7 23. Bf3 Nxe5 24. dxe5 Rcd7 25. b4 Rxd1+ 26. Rxd1 Rxd1+ 27. Bxd1 Kf8 28. f4 Ke7 29. Bf3 Kd7 30. Kf2 Kc7 31. e4 Bc8 32. Ke3 g5 33. Bh5 gxf4+ 34. Kxf4 c5 35. bxc5 Kc6 36. Ke3 Kxc5 37. Kd3 a5 38. a3 b4 39. axb4+ Kxb4 40. Kc2 a4 41. Kb2 Kc4 42. Bxf7 Kd4 43. Bg6 Kxe5 44. Ka3 Bd7 45. g3 Bc6 46. h4 Bxe4 47. h5 Bxg6 48. hxg6 Kf6 49. g7 Kxg7 50. Kxa4 Kf6 51. Kb4 Ke5 52. Kc4 Ke4 53. Kc3 e5 54. Kd2 Kf3 0-1

[Event "Vignola op 11th"]
[Site "Vignola"]
[Date "2012.11.16"]
[Round "1"]
[White "Molinari, Enzo"]
[Black "Armaroli, Alberto"]
[Result "1/2-1/2"]
[WhiteElo "1871"]
[BlackElo "1553"]
[PlyCount "74"]
[EventDate "2012.11.16"]
[EventType "swiss"]
[EventRounds "5"]
[EventCountry "ITA"]
[SourceTitle "EXT 2014"]
[Source "ChessBase"]
[SourceDate "2013.11.20"]
[SourceVersion "1"]
[SourceVersionDate "2013.11.20"]
[SourceQuality "1"]

1. d4 e6 2. c4 Nf6 3. Nf3 b6 4. Bg5 Be7 5. Nc3 Bb7 6. e3 d5 7. cxd5 Nxd5 8. Bxe7 Qxe7 9. Be2 Nd7 10. 0-0 c5 11. Rc1 0-0 12. a3 Rfd8 13. b4 Nxc3 14. Rxc3 cxb4 15. axb4 Qxb4 16. Rc7 Rab8 17. Qc2 Rdc8 18. h3 Qd6 19. Rc1 Rxc7 20. Qxc7 Qxc7 21. Rxc7 Nf8 22. Ne5 f6 23. Nc4 Bd5 24. Rxa7 b5 25. Nd6 b4 26. Bc4 b3 27. Bxd5 exd5 28. Ra1 Nd7 29. Nf5 Kf7 30. Rb1 b2 31. e4 dxe4 32. Nd6+ Ke6 33. Nxe4 Kd5 34. Nc3+ Kxd4 35. Nd1 Nc5 36. Rxb2 Rxb2 37. Nxb2 h5 1/2-1/2

[Event "Mirandola Giovanni Pico op 4th"]
[Site "Mirandola"]
[Date "2011.01.15"]
[Round "2"]
[White "Molinari, Enzo"]
[Black "Cocuzzi, Edoardo"]
[Result "0-1"]
[WhiteElo "1491"]
[BlackElo "1967"]
[PlyCount "66"]
[EventDate "2011.01.14"]
[EventType "swiss"]
[EventRounds "5"]
[EventCountry "ITA"]
[SourceTitle "EXT 2012"]
[Source "ChessBase"]
[SourceDate "2011.11.24"]
[SourceVersion "1"]
[SourceVersionDate "2011.11.24"]
[SourceQuality "1"]

1. d4 d5 2. Nf3 Nf6 3. e3 e6 4. c4 c6 5. Nc3 Bd6 6. cxd5 exd5 7. Be2 Qc7 8. Qc2 h6 9. e4 Nxe4 10. Nxe4 dxe4 11. Qxe4+ Be6 12. Bd2 Nd7 13. Rc1 0-0 14. a3 Rae8 15. Qd3 Bd5 16. Ne5 Nxe5 17. dxe5 Rxe5 18. 0-0 Be4 19. Qb3 Bxg2 20. Rfe1 Bd5 21. Qd3 Qd7 22. Bf4 Rxe2 23. Bxd6 Rxe1+ 24. Rxe1 Qxd6 25. Re3 Qg6+ 26. Qxg6 fxg6 27. Re7 Rf7 28. Re8+ Kh7 29. b4 Rf3 30. Re3 Rxe3 31. fxe3 g5 32. Kf2 Kg6 33. Kg3 Kf5 0-1

[Event "Modena Province-ch 11"]
[Site "Modena"]
[Date "2010.12.10"]
[Round "1"]
[White "Molinari, Enzo"]
[Black "Zuccaro, Guido"]
[Result "1-0"]
[WhiteElo "1422"]
[BlackElo "1720"]
[PlyCount "71"]
[EventDate "2010.12.10"]
[EventType "swiss"]
[EventRounds "5"]
[EventCountry "ITA"]
[SourceTitle "EXT 2024"]
[Source "ChessBase"]
[SourceDate "2023.10.10"]
[SourceVersion "1"]
[SourceVersionDate "2023.10.10"]
[SourceQuality "1"]

1. d4 d5 2. Bf4 Nf6 3. e3 Bf5 4. Nf3 e6 5. c4 Bb4+ 6. Nbd2 Ne4 7. Be2 c6 8. 0-0 Nxd2 9. Nxd2 0-0 10. c5 b6 11. Nb3 bxc5 12. dxc5 Nd7 13. Bd6 Re8 14. Rc1 e5 15. Bg4 Bxg4 16. Qxg4 Ba5 17. Nxa5 Nxc5 18. Bxc5 Qxa5 19. b4 Qxa2 20. Ra1 Qc2 21. Rxa7 Rxa7 22. Bxa7 Qa4 23. Qd7 Ra8 24. Bc5 h6 25. Qf5 Re8 26. h4 Re6 27. h5 Qa8 28. g4 Qd8 29. Ra1 g6 30. hxg6 Rxg6 31. Ra7 Qe8 32. Re7 Qf8 33. Rxe5 Qg7 34. Re8+ Kh7 35. Bd4 f6 36. Bc5 1-0

[Event "Mirandola Giovanni Pico 3rd"]
[Site "Mirandola"]
[Date "2010.01.16"]
[Round "4"]
[White "Molinari, Enzo"]
[Black "Necesito, Donald"]
[Result "0-1"]
[WhiteElo "1440"]
[BlackElo "1440"]
[PlyCount "55"]
[EventDate "2010.01.15"]
[EventType "swiss"]
[EventRounds "5"]
[EventCountry "ITA"]
[SourceTitle "EXT 2024"]
[Source "ChessBase"]
[SourceDate "2023.10.10"]
[SourceVersion "1"]
[SourceVersionDate "2023.10.10"]
[SourceQuality "1"]

1. d4 Nf6 2. Bf4 d6 3. c4 g6 4. Nc3 Bg7 5. e4 0-0 6. Be2 Nc6 7. Nf3 Ne8 8. 0-0 Bg4 9. Rc1 Bxf3 10. Bxf3 Nxd4 11. Re1 Nxf3+ 12. Qxf3 Bxc3 13. Rxc3 e5 14. Bh6 Ng7 15. b3 f5 16. exf5 Rxf5 17. Qxb7 Rb8 18. Qd5+ Kh8 19. Ree3 Qf6 20. Rf3 g5 21. Bxg7+ Kxg7 22. Qe4 Rf4 23. Qc6 Rf8 24. Qxc7+ Rf7 25. Qc6 g4 26. Rxf4 Qxf4 27. Rc2 Qd4 28. h3 0-1